| 000 | 00655nam a2200205 a 4500 | ||
|---|---|---|---|
| 005 | 20240207113453.0 | ||
| 008 | 070212s2005 000 eng d | ||
| 020 | _a968685150X | ||
| 035 | _aUPN01000150094 | ||
| 049 | _aCG | ||
| 050 | 4 |
_aPQ7273.5 P7 _bL5.2 |
|
| 245 | 0 | 0 |
_aLibertad tras las rejas : _bliteratura carcelaria femenina / _cCelina Ferreyra Torres ... [et al.]. |
| 260 |
_aMéxico : _bDEMAC, _c2005. |
||
| 300 | _a662 p. | ||
| 586 | _a"Premio DEMAC Penitenciario 2004" | ||
| 650 | 4 |
_aEscritos de prisioneros mexicanos _919193 |
|
| 650 | 7 |
_aMujeres en la literatura _2 _92269 |
|
| 700 | 1 |
_aFerreyra Torres, Celina, _ecoaut. |
|
| 905 | _aLibro | ||
| 999 |
_c122235 _d122235 |
||